000 00486nam a2200133Ia 4500
008 171212s9999 xx 000 0 und d
020 _a9780823274130
100 _aAtkinson, Joshua D.
245 _cAtkinson, Joshua D.
_aJourney into Social Activism
_bQualitative Approaches
260 _bFordham University Press
_c2017
440 _aDonald McGannon Communication Research Center's Everett C. Parker Book Series
650 _aSociology
856 _uhttp://jstor.org/stable/j.ctt1hfr0rk
999 _c351479
_d351479